000 00428nam a2200169Ia 4500
008 230524s9999 xx 000 0 und d
082 _a621.38
_bARR
100 _aJ.Arrillaga
245 0 _aComputer Modelling of Electrical Power System
250 _a2ND
260 _aSINGAPORE
_bJohn Wiley & Sons
_c2005
300 _aX;363
500 _aQuantity Number: 2
650 _aElectrical
700 _aN.R.Watson
942 _cBK
999 _c37024
_d37024